[Event "Lyon op"]
[Site "Lyon"]
[Date "2007.11.03"]
[Round "7"]
[White "Piantoni, Noe"]
[Black "Dujardin, Franck"]
[Result "1-0"]
[WhiteElo "1941"]
[BlackElo "2079"]
[PlyCount "109"]
[EventDate "2007.10.31"]
[EventType "swiss"]
[EventRounds "9"]
[EventCountry "FRA"]
[SourceTitle "EXT 2008"]
[Source "ChessBase"]
[SourceDate "2007.11.25"]
[SourceVersion "1"]
[SourceVersionDate "2007.11.25"]
[SourceQuality "1"]

1. e4 c5 2. Nf3 e6 3. d4 cxd4 4. Nxd4 a6 5. Nc3 Qc7 6. g3 Bb4 7. Bd2 Nc6 8. Nde2 b5 9. Bg2 Bb7 10. a4 bxa4 11. Nxa4 Nf6 12. c3 Be7 13. Bf4 d6 14. 0-0 0-0 15. Re1 Ne5 16. Nd4 Nc4 17. e5 dxe5 18. Bxb7 Qxb7 19. Bxe5 Nd7 20. Bxg7 Kxg7 21. Nf5+ exf5 22. Rxe7 Rfd8 23. Qd4+ Kf8 24. Rae1 Nde5 25. Rxb7 Nf3+ 26. Kf1 Ncd2+ 27. Kg2 Nxd4 28. cxd4 Rxd4 29. Re2 Rd6 30. h3 Ne4 31. f3 Ng5 32. Nb6 Rad8 33. Nc4 R6d7 34. Rxd7 Rxd7 35. Re5 f6 36. Rxf5 Re7 37. h4 Ne6 38. Rxf6+ Kg7 39. Rf5 Rc7 40. Ne3 Nc5 41. Rd5 Na4 42. Nd1 Rb7 43. b4 Rc7 44. Ra5 Nc3 45. Nxc3 Rxc3 46. Rxa6 Rc2+ 47. Kh3 Rb2 48. Rb6 Rb3 49. Kg4 h5+ 50. Kxh5 Rxf3 51. g4 Kh7 52. Rb7+ Kg8 53. Kg6 Rf8 54. g5 Rf6+ 55. Kxf6 1-0

[Event "Lyon op"]
[Site "Lyon"]
[Date "2005.04.21"]
[Round "7"]
[White "Damboise, Pierre Olivier"]
[Black "Piantoni, Noe"]
[Result "1-0"]
[WhiteElo "1950"]
[BlackElo "2080"]
[PlyCount "59"]
[EventDate "2005.04.16"]
[EventType "swiss"]
[EventRounds "9"]
[EventCountry "FRA"]
[SourceTitle "CBM 105 Extra"]
[Source "ChessBase"]
[SourceDate "2005.05.01"]
[SourceVersion "1"]
[SourceVersionDate "2005.05.01"]
[SourceQuality "1"]

1. e4 c5 2. Nf3 d6 3. c3 Nf6 4. Bd3 Nc6 5. Bc2 Bg4 6. d3 e6 7. Nbd2 d5 8. 0-0 Bd6 9. Re1 Qc7 10. h3 Bh5 11. Ba4 0-0 12. Bxc6 bxc6 13. g4 Nxg4 14. hxg4 Bxg4 15. Nf1 f5 16. e5 Bxf3 17. Qxf3 Bxe5 18. Qe2 Bd6 19. Qxe6+ Kh8 20. Bg5 Rf7 21. Re3 h6 22. Rh3 Kg8 23. Kg2 hxg5 24. Ng3 g4 25. Rh5 Bf4 26. Rah1 Bh6 27. Nxf5 Qf4 28. Ne7+ Kh7 29. Qg6+ Kh8 30. Rxh6+ 1-0